000 00302nam a22001457a 4500
008 221013b ||||| |||| 00| 0 eng d
020 _a7279762
041 _aeng
080 _a61
082 _a61A.G.MACLEOD
100 _a5
101 _aMJEK
245 _aCYTOLOGY
_cA.C.MACLEOD
942 _2udc
_cBK
999 _c58540
_d58540